000 01323nam0a22002651 4500
001 rc\2621558
005 20260406140538.0
035 _a(NLR Aleph) 006785227
090 _a6086313
_c6086313
100 _a20110914d1931 |||y0rusy50 ca
101 0 _arus
102 _aRU
105 _ay z |||a|
200 1 _aЗа 518 и 1040
_eОчерк, инсценировка, рассказ, раешник, частушки и лозунги, посвященные займу третьего решающего года пятилетки
_fПод ред. К. В. Боголюбова
210 _aСвердловск
_cОблфо и Сберкасса
_d1931
_gтип. "Гранит"
215 _a34 с., 1 с. "Содержание" на обл.
_d21х15 см.
225 1 _aЛитературно-худудожественный сборник для рабочих клубов, изб-читален и библиотек
_fУрал. асс-ция пролет. писателей
702 1 _aБоголюбов
_bК.В.
_4340
712 0 2 _aУральская ассоциация пролетарских писателей
_cСвердловск
_3RU\NLR\AUTH\889919571
_9335376
801 0 _aRU
_bNLR
_gpsbo
801 1 _aRU
_bELAR
_2rusmarc
852 _aNLR
_j31-10/2785
942 _cBOOK
980 _aNB